000 00407pab a2200157 454500
008 180718b2001 xxu||||| |||| 00| 0 eng d
100 _aFafchamps, Marcel
245 _aProperty rights in a flea market economy
260 _c2001
300 _ap.229-67.
362 _aJan
650 _aRight to property
700 _aMinten, Bart
773 _aEconomic Development and Cultural Change
909 _a52569
999 _c52569
_d52569